| 000 | 00635nam a22002297a 4500 | ||
|---|---|---|---|
| 005 | 20230412120414.0 | ||
| 008 | 230403b |||||||| |||| 00| 0 eng d | ||
| 020 |
_a9781860644054 _qHard cover |
||
| 040 |
_aCBULib _cCBULib |
||
| 041 | _aeng | ||
| 050 | _aDS 135.Z35 Mac | ||
| 100 | _aMacmillan, Hugh | ||
| 245 |
_aZion in Africa : the Jews of Zambia _c/ by Hugh Macmillan |
||
| 260 |
_aNew York : _bI.B.Tauris, _c1999 |
||
| 300 | _aix, 342 pages : illustrations | ||
| 600 | _aMACMILLAN, HUGH | ||
| 600 | _aSHAPIRO, FRANK | ||
| 650 | _aETHNIC RELATIONS--ZAMBIA | ||
| 650 | _aJEWS | ||
| 700 | _aShapiro, Frank | ||
| 942 | _c002 | ||
| 999 |
_c75613 _d75613 |
||